Housing cycles and gentrification

Analýza v tomto dokumente dokumentuje vysokofrekvenčné prepojenie medzi trhmi s bývaním a gentrifikáciou v centre mesta od polovice 90. rokov 20. storočia. Konkrétne hodnoty nehnuteľností a podiel formálne vzdelaných obyvateľov sa počas expanzie trhu s bývaním v rámci MSA zvyšujú viac v centrách mie...

Ausführliche Beschreibung

Gespeichert in:
Bibliographische Detailangaben
1. Verfasser: Murphy, Daniel
Format: Buchkapitel
Sprache:Englisch
Schlagworte:
Tags: Tag hinzufügen
Keine Tags, Fügen Sie das erste Tag hinzu!

MARC

LEADER 00000naa a2200000 4500
001 0304928
005 20241105094528.6
041 0 |a eng 
044 |a NL 
245 1 0 |a Housing cycles and gentrification  |c Daniel Murphy 
520 |a Analýza v tomto dokumente dokumentuje vysokofrekvenčné prepojenie medzi trhmi s bývaním a gentrifikáciou v centre mesta od polovice 90. rokov 20. storočia. Konkrétne hodnoty nehnuteľností a podiel formálne vzdelaných obyvateľov sa počas expanzie trhu s bývaním v rámci MSA zvyšujú viac v centrách miest ako na predmestiach. Tento vzťah je podmienený zmenami v príjmoch vyššej kategórie na úrovni MSA a je evidentný v krátkom (trojročnom) a dlhšom časovom horizonte. 
610 2 0 |a bývanie 
610 2 0 |a domácnosti 
610 2 0 |a trhy 
610 2 0 |a nehnuteľnosti 
610 2 0 |a mestá 
100 1 |a Murphy, Daniel